000 00580nam a2200205Ia 4500
003 GCL
008 140319s9999 xx 000 0 ara d
040 _aGCL /
_cGCL
082 0 4 _a927
_bس ح
100 1 _aطه فوزى (مترجم)
245 1 0 _aحياة ميكل انجلو /
_cطه فوزى (مترجم)
700 1 _aسانمنيا تللى، بيتو
300 _a302
490 _aالالف كتاب
_v0
650 0 4 _aالرسامون
650 0 4 _aالرجال - تراجم
650 0 4 _aالامريكيون
650 0 4 _aميكل انجلو
942 _2ddc
_cBK
999 _c43607
_d43607